Racionalizácia mechanizácie poľnohospodárskej výroby.
Rozhodujúci význam mechanizácie pracovných postupov pre racionalizáciu poľnohospodárskej výroby. Optimalizácia strojového parku podľa výrobno-klimatických a pôdnych podmienok. Zanedbanie inovácie strojového parku, prehľad opotrebovania vybraných základných prostriedkov.
Enregistré dans:
| Auteur principal: | |
|---|---|
| Format: | Chapitre de livre |
| Langue: | slovaque |
| Sujets: | |
| Tags: |
Pas de tags, Soyez le premier à ajouter un tag!
|
MARC
| LEADER | 00000naa a2200000 4500 | ||
|---|---|---|---|
| 001 | r004247 | ||
| 005 | 20221125075904.5 | ||
| 041 | 0 | |a slo | |
| 044 | |a [CS] | ||
| 245 | 1 | 0 | |a Racionalizácia mechanizácie poľnohospodárskej výroby. |c F. Fortuník |
| 520 | |a Rozhodujúci význam mechanizácie pracovných postupov pre racionalizáciu poľnohospodárskej výroby. Optimalizácia strojového parku podľa výrobno-klimatických a pôdnych podmienok. Zanedbanie inovácie strojového parku, prehľad opotrebovania vybraných základných prostriedkov. | ||
| 610 | 2 | 0 | |a racionalizácia výroby |
| 610 | 2 | 0 | |a výroba poľnohospodárska |
| 610 | 2 | 0 | |a mechanizácia výroby |
| 610 | 2 | 0 | |a park strojový |
| 610 | 2 | 0 | |a inovácia |
| 610 | 2 | 0 | |a opotrebovanie fyzické |
| 610 | 2 | 0 | |a prostriedky základné |
| 100 | 1 | |a Fortuník, F. | |